000 01798nas a2200241 454500
001 24224
005 20260407193506.0
008 260407s1973####ag###########|||spa#d
003 AR-UNSa-BCEJYS
040 _aAR-UNSa-BCEJYS
_bspa
_cAR-UNSa-BCEJYS
080 _a338
_xSituación económica. Política económica. Gestión de la economía. Planificación de la economía. Producción. Servicios. Precios
245 1 0 _aBoletín semanal del Ministerio de Economía
_pSíntesis de informaciones y comentarios
022 _a0325-383X
264 1 _aBuenos Aires :
_bMinisterio de Economía
_c1973
310 _aFrecuencia: Semanal Editor Varía: Argentina. Ministerio de Economía. Secretaría de Estado de Programación y Coordinación Económica. Subsecretaría de Coordinación de Información Económica, oct. 1973-feb. 1978 Argentina. Ministerio de Economía. Secretaría de Estado de Programación y Coordinación Económica. Subsecretaría de Coordinación, feb. 1978-jun.1979 Argentina. Ministerio de Economía. Secretaría de Estado de Programación y Coordinación Económica, jun. 1979-abr.1981 Argentina. Ministerio de Economía Hacienda y Finanzas, abr. 1981-dic.1981 Argentina. Ministerio de Economía, ene. 1982-dic. 1983 Título varía: Boletín Semanal del Ministerio de Economía, 1973-1980. Boletín Semanal de Economía, 1981-1983 Numeración varía: sin volumen hasta 1982 Suplemento: Orientación para el Consumidor, dic. 1978-mayo1981
942 _cSER
590 _aniveau_biblio:s niveau_hierar:1
100 1 _aArgentina. Ministerio de Economía
650 _aADMINISTRACION PUBLICA
650 _aInvestigación económica
650 _aECONOMIA
856 4 1 _uhttps://biblioeco.unsa.edu.ar/pmb/images/revistas/Ministerio de Economia.jpg
_yImagen de portada
_qimage/jpeg
999 _c8575
_d8575